00500nam a2200133Ia 4500008004100000020001800041100002400059245005300083260005500136300001500191650002300206999001900229952011800248180815s9999 xx 000 0 und d a9789711504649 aFeliciano, Myrna S. cMyrna S. Feliciano.--aPhilippine legal system / aQuezon City :bUniversity of the Philippinesc2015 a195 pages. aLaw -- Philippines c358315d358315 001040aCLbCLcFILd2018-08-15eLibrary Fundl0oKPM 68 .F314 2015pC21572r2018-08-18 00:00:00w2018-08-15yBK